000 00896cam a2200253 c 4500
001 a4991087
003 CO-ViMGA
005 20230915224412.0
008 110207s2010 sp a | |||| 000 1 spa
020 _a9788498855159
040 _aCO-ViMGA
_bspa
_cCO-ViMGA
041 1 _heng
082 _a741.5
_bK47h
100 1 _aKirkman, Robert
_d1978-
_99073
245 1 0 _aHambre insaciable /
_h[Texto impreso]
_c[guión] Kirkman ; [dibujo] Phillips ; [Santiago García, Eduardo Braun, óscar Estefanía, traducción]
260 _aTorroella de Montgrí, Girona
_bPanini España ;
_aBarcelona
_bdistribución, Sd Distribuciones
_cD.L. 2010
300 _a[256] p.
_bprincipalmente il. col.
_c27 cm.
490 0 _aMarvel deluxe
490 0 _aMarvel zombies
650 1 4 _aComics
_9284
650 1 4 _aTiras comicas, historietas, etc.
_92479
700 1 _aPhillips, Sean
_d1965-
_99074
942 _2ddc
_cBK
999 _c11759
_d11759